00857nam a2200241 a 450000100100000000500170001000800410002704000250006808200190009311000330011224000180014524500220016326000600018530000200024565000520026565000330031765100410035065100440039191000370043504900090047295201170048199900170059800001621320200929164325.0100301s1929 dr f000 0 spa d aDO-SdBNPbspacBNPHU a347.016bR426L1 aRepública Dominicana.944710a[Leyes, etc.]10aLey de notariado. aSanto Domingo :bJ. R. Vda. García, Sucesores,c1929. a21 p. ;c25 cm. 4aDerecho notarialzRepública Dominicana910224 4aNotariado y registros910225 4aRepública DominicanaxLeyes916541 4aRepública DominicanaxLey 3914936258 aValidado. Control de calidad EMS aBNPD 001050718RVaPDbPDcHDd2010-03-01iLF1l0o347.016 R426Lp16213-10r2020-06-25w2020-06-25y1ZNo se presta c15751d15751